| 000 | 01977nam a2200253Ia 4500 | ||
|---|---|---|---|
| 005 | 20150602111507.0 | ||
| 008 | 130821s1889 ag fr 1 spa d | ||
| 040 |
_aCo-BoUCM _bspa _cSandra Yazo _dSandra Yazo |
||
| 041 | 1 | _aspa | |
| 082 | 0 | 4 |
_a868.5 _220 |
| 092 | _aE24N025 | ||
| 100 | 1 |
_aOyuela, Calixto _d1857-1935 _969330 |
|
| 245 | 1 | 4 |
_aEstudios y artículos literarios _cCalixto Oyuela |
| 260 |
_aBuenos Aires (Argentina) _bImprenta de Pablo E. Coni é hijos _c1889 |
||
| 300 |
_avi, 600 páginas _c22 x 15 cm. |
||
| 500 | _aDetalles físicos: Encuadernación rígida en cartón forrada en papel. Lomo en cuero con nervaduras sobre costuras y adorados en dorado. Guardas. Portada impresa a una sola tinta. Texto impreso en una sola columna, márgenes amplios, algunas notas al pie de página. Adornos y letras capitales sencillas. Cenefas. Papel de muy buena calidad. En portada con un sello de tinta. Ej. 2 desencuadernado | ||
| 505 | 0 | _aCarta a Rafael Obligado sobre sus poesías ; Marcelino Méndez y Pelayo, sus poesías ; Noticias acerca de la vida y escritos del poeta catalán Manuel de Cabanyes ; Carlos Guido y Spano ; En la Ribera ; El Haz de Leña ; El tanto por ciento ; La pasionaria ; El alcalde de Zalamea ; Cid Rodrigo de Vivar ; El gran Galeoto ; Desde Toledo a Madrid ; Marta la Piadosa ; Un milagro en Egipto ; La hija del aire ; La temporada dramática del Politeama ; Fédora ; Fedra ; La dama de las Camelias ; Frou-Frou ; Adriana Lecouvreur ; Hermani ; Teodora ; La Esfinge ; Apuntes estéticos ; Derechos de autor ; Con motivo de Lohengrin ; Versos, Baladas y Nocturnos ; La España del presente ; Sobre arte ; Letras americanas ; España y Echegaray | |
| 506 | _aConsulta en sala | ||
| 650 | 7 |
_aLiteratura _vColecciones de escritos _936972 |
|
| 650 | 7 |
_aLiteratura española _xCrítica e interpretación _969331 |
|
| 650 | 7 |
_aEnsayos argentinos _914550 |
|
| 690 |
_942859 _aLiteratura |
||
| 942 |
_cLIBRO _a18 _e1 _2LOCAL _hE24N025 |
||
| 999 |
_c41575 _d41575 |
||